La diplomatie secrète au XVIIIe siècle : (Record no. 150845)

MARC details
000 -LEADER
campo de control de longitud fija 00947nam a2200217 i 4500
001 - NÚMERO DE CONTROL
campo de control 150845
003 - IDENTIFICADOR DE NÚMERO DE CONTROL
campo de control ES-MaACL
005 - FECHA Y HORA DE LA ÚLTIMA TRANSACCIÓN
campo de control 20251103200237.0
007 - CAMPO FIJO DE DESCRIPCIÓN FÍSICA--INFORMACIÓN GENERAL
campo de control de longitud fija t|
008 - DATOS DE LONGITUD FIJA--INFORMACIÓN GENERAL
campo de control de longitud fija 071114s1909 fr ||||1| fre d
100 1# - ENTRADA PRINCIPAL--NOMBRE DE PERSONA
Nombre de persona Bourgeois, Emile.
9 (RLIN) 30981
245 13 - MENCIÓN DEL TÍTULO
Título La diplomatie secrète au XVIIIe siècle :
Resto del título ses débuts /
Mención de responsabilidad, etc. par Emile Bourgeois.
260 ## - PUBLICACIÓN, DISTRIBUCIÓN, ETC.
Lugar de publicación, distribución, etc. Paris :
Nombre del editor, distribuidor, etc. A. Colin,
Fecha de publicación, distribución, etc. [1909]
300 ## - DESCRIPCIÓN FÍSICA
Extensión 3 v. ;
Dimensiones 25 cm.
505 8# - NOTA DE CONTENIDO CON FORMATO
Nota de contenido con formato Contiene: I. Le secret du régent et la politique de l'abbé Dubois (triple et quadruple alliances) (1716-1718) - II. Le secret des Farnése, Philippe V et la politique d'Alberoni - III. Le secret de Dubois, cardinal et premier ministre [la guerre, la paix, l'alliance avec l'Espagne, 1718-1723]
600 14 - PUNTO DE ACCESO ADICIONAL DE MATERIA--NOMBRE DE PERSONA
Nombre de persona Dubois, Guillaume.
9 (RLIN) 45764
600 14 - PUNTO DE ACCESO ADICIONAL DE MATERIA--NOMBRE DE PERSONA
Nombre de persona Alberoni, Giulio,
Fechas asociadas al nombre 1664-1752
9 (RLIN) 19302
651 #4 - PUNTO DE ACCESO ADICIONAL DE MATERIA--NOMBRE GEOGRÁFICO
Nombre geográfico Francia-
Subdivisión general Historia-
Subdivisión cronológica 1715-1774, Luis XV.
9 (RLIN) 8683
852 ## - LOCALIZACIÓN
Ubicación ES-MaACL
Número de control de estantería F-5931-33
Holdings
Estatus retirado Estado de pérdida Estado de daño No para préstamo Biblioteca de origen Biblioteca actual Ubicación en estantería Fecha de adquisición Fuente de adquisición Total de préstamos Signatura topográfica completa Código de barras Visto por última vez Precio de reemplazo Tipo de ítem Koha
        Biblioteca del Ateneo de Madrid Biblioteca del Ateneo de Madrid Depósito 2 17/01/2008     F-5931-33 1157402 23/02/2023 23/02/2023 Libro impreso